Theories and practices of compliance with WTO law / (Record no. 22018)
[ view plain ]
| 000 -LEADER | |
|---|---|
| fixed length control field | 01171cam a22003135a 4500 |
| 001 - CONTROL NUMBER | |
| control field | 17466341 |
| 005 - DATE AND TIME OF LATEST TRANSACTION | |
| control field | 20160724123348.0 |
| 008 - FIXED-LENGTH DATA ELEMENTS--GENERAL INFORMATION | |
| fixed length control field | 120918s2012 ne frb 001 0 eng d |
| 010 ## - LIBRARY OF CONGRESS CONTROL NUMBER | |
| LC control number | 2012471337 |
| 020 ## - INTERNATIONAL STANDARD BOOK NUMBER | |
| International Standard Book Number | 9041132287 |
| 020 ## - INTERNATIONAL STANDARD BOOK NUMBER | |
| International Standard Book Number | 9789041132284 |
| 035 ## - SYSTEM CONTROL NUMBER | |
| System control number | (OCoLC)ocn809269925 |
| 040 ## - CATALOGING SOURCE | |
| Original cataloging agency | CLU |
| Language of cataloging | eng |
| Transcribing agency | CLU |
| Modifying agency | EG-ScBUE |
| 042 ## - AUTHENTICATION CODE | |
| Authentication code | lccopycat |
| 082 04 - DEWEY DECIMAL CLASSIFICATION NUMBER | |
| Classification number | 382.92 |
| Edition number | 22 |
| Item number | HOD |
| 100 1# - MAIN ENTRY--PERSONAL NAME | |
| Personal name | Ngangjoh-Hodu, Yenkong. |
| 9 (RLIN) | 40425 |
| 245 10 - TITLE STATEMENT | |
| Title | Theories and practices of compliance with WTO law / |
| Statement of responsibility, etc | Yenkong Ngangjoh Hodu. |
| 260 ## - PUBLICATION, DISTRIBUTION, ETC. (IMPRINT) | |
| Place of publication, distribution, etc | Alphen aan den Rijn : |
| Name of publisher, distributor, etc | Kluwer Law International , |
| Date of publication, distribution, etc | c.2012. |
| 300 ## - PHYSICAL DESCRIPTION | |
| Extent | xvii, 204 p. ; |
| Dimensions | 25 cm. |
| 490 0# - Series Statement | |
| Series statement | Global trade law series, |
| Volume/sequential designation | v. 41 |
| 500 ## - GENERAL NOTE | |
| General note | Index : p. 195-204. |
| 504 ## - BIBLIOGRAPHY, ETC. NOTE | |
| Bibliography, etc | Bibliography : (p. 165-184). |
| 505 ## - FORMATTED CONTENTS NOTE | |
| Formatted contents note | Globalisation and the shifting paradigms of the world trading system -- Theories of compliance with WTO law : approaches --<br/>Approaches to the WTO remedies and compliances discourse -- Conclusion. |
| 610 27 - SUBJECT ADDED ENTRY--CORPORATE NAME | |
| Corporate name or jurisdiction name as entry element | World Trade Organization. |
| 9 (RLIN) | 40415 |
| 650 #7 - SUBJECT ADDED ENTRY--TOPICAL TERM | |
| Topical term or geographic name as entry element | Foreign trade regulation. |
| Source of heading or term | BUEsh |
| 9 (RLIN) | 27887 |
| 651 ## - SUBJECT ADDED ENTRY--GEOGRAPHIC NAME | |
| Source of heading or term | BUEsh |
| 653 ## - INDEX TERM--UNCONTROLLED | |
| Resource For college | Law |
| Arrived date list | July2016 |
| 942 ## - ADDED ENTRY ELEMENTS (KOHA) | |
| Source of classification or shelving scheme | Dewey Decimal Classification |
| Edition | 22 |
| Call number prefix | 382.92 HOD |
| Withdrawn status | Item status | Source of classification or shelving scheme | Damaged status | Not for loan | Vendor | Home library | Current library | Shelving location | Date acquired | Source of acquisition | Cost, normal purchase price | Serial Enumeration / chronology | Total Checkouts | Total Renewals | Full call number | Barcode | Date last seen | Date last borrowed | Cost, replacement price | Koha item type |
|---|---|---|---|---|---|---|---|---|---|---|---|---|---|---|---|---|---|---|---|---|
| Dewey Decimal Classification | Baccah | Central Library | Central Library | First floor | 24/07/2016 | Purchase | 1300.00 | 26080 | 2 | 9 | 382.92 HOD | 000032948 | 15/07/2025 | 08/10/2024 | 1625.00 | Book - Borrowing |